| 000 | 01139cam a22001934a 4500 | ||
|---|---|---|---|
| 005 | 20250605164031.0 | ||
| 008 | 250528s ||||||||||||||||||||||||d | ||
| 035 | _a16625 | ||
| 040 |
_aGR-AtMCL _bgre _dGR-AtMCL _eAACR2 |
||
| 245 | 1 | _aΕις Υπακοήν Πίστεως / Δι'ου Ελάβομεν Χάριν και Αποστολήν εις Υπακοήν Πίστεως εν Πάσι τοις Έθνεσιν Υπέρ του Ονόματος Αυτού | |
| 260 | _c1977 | ||
| 300 | _a136 | ||
| 520 | _aΠρόλογος, Τι Είναι Αίρεσις και Δόγματα και Σχίσμα Παράδοσις, Μέρος Ιστορικόν, Επικύρωσις του Αγώνος Υπό του Θεού Θαύματα, Τα Αποτελέσματα της Αλλαγής, Απολογητικόν και Αναιρετικόν και Πολέμιοι των Γ.Ο.Χ. - Επιχειρήματα, Επίλογος, Πρόσκλησις, Βιβλιογραφία. | ||
| 700 | 1 |
_aΑβράαμ Τσιμηρικάς _92714 |
|
| 700 | 1 |
_aΤσιμηρίκας Αβραάμ _92715 |
|
| 942 | _cBK | ||
| 999 |
_c2104 _d2104 |
||